[Event "Medjimurje Cup"]
[Site "Croatia "]
[Date "2020.03.01"]
[Round "4.4"]
[White "Ivaci, David"]
[Black "Kovacic, Franjo1111"]
[Result "1/2-1/2"]
[WhiteElo "1606"]
[BlackElo "1696"]
[PlyCount "76"]
[EventDate "2020.02.09"]
[EventType "team-swiss"]
[EventRounds "6"]
[EventCountry "CRO"]
[SourceTitle "CBM 195 Extra"]
[Source "ChessBase"]
[SourceDate "2020.05.31"]
[SourceVersion "1"]
[SourceVersionDate "2020.05.31"]
[SourceQuality "1"]

1. e4 d6 2. d4 g6 3. Bc4 e6 4. Nf3 Bg7 5. Bg5 Qd7 6. 0-0 Ne7 7. Nc3 a6 8. e5 0-0 9. Bd3 b6 10. Ne4 Kh8 11. Nf6 Qd8 12. Qd2 Bb7 13. Qf4 Bxf3 14. Qxf3 Nd7 15. Qh3 Bxf6 16. exf6 Ng8 17. Rae1 Ndxf6 18. Qh4 Kg7 19. c4 h6 20. Be3 Nd7 21. Qh3 Re8 22. Bd2 c5 23. Bc3 cxd4 24. Bxd4+ e5 25. Bc3 Kh7 26. Be4 Rb8 27. Bd5 f5 28. g4 f4 29. Qf3 Ngf6 30. Rd1 Nxd5 31. Qxd5 Qf6 32. Qxd6 Qxd6 33. Rxd6 Nc5 34. f3 Rb7 35. Re1 e4 36. fxe4 Rxe4 37. Rxe4 Nxe4 38. Re6 Nxc3 1/2-1/2

[Event "Medjimurje Cup"]
[Site "Croatia "]
[Date "2020.02.09"]
[Round "1.3"]
[White "Ivaci, David"]
[Black "Zeleznjak, Tihomir"]
[Result "0-1"]
[WhiteElo "1606"]
[BlackElo "1987"]
[PlyCount "62"]
[EventDate "2020.02.09"]
[EventType "team-swiss"]
[EventRounds "6"]
[EventCountry "CRO"]
[SourceTitle "CBM 195 Extra"]
[Source "ChessBase"]
[SourceDate "2020.05.31"]
[SourceVersion "1"]
[SourceVersionDate "2020.05.31"]
[SourceQuality "1"]

1. e4 e5 2. Nf3 Nc6 3. d4 exd4 4. Nxd4 Nf6 5. Nc3 Bb4 6. f3 d5 7. Nxc6 bxc6 8. Bd2 dxe4 9. Nxe4 Nxe4 10. Bxb4 Qh4+ 11. g3 Nxg3 12. hxg3 Qxb4+ 13. Kf2 Be6 14. Bd3 Qxb2 15. Qe2 h6 16. Qe4 Qb6+ 17. Kg2 Rd8 18. Rae1 Rd6 19. Rb1 Qc5 20. Rhe1 g6 21. Qf4 Kd7 22. Qf6 Re8 23. Qg7 Qg5 24. Re2 Rxd3 25. cxd3 Bh3+ 26. Kh1 Rxe2 27. Qxf7+ Re7 28. Qc4 Qe3 29. Kh2 Be6 30. Qa4 Qf2+ 31. Kh1 Qxf3+ 0-1

[Event "Medimurska CupT"]
[Site "Croatia"]
[Date "2019.03.17"]
[Round "6.6"]
[White "Ivaci, David"]
[Black "Zadravec, Stjepan"]
[Result "0-1"]
[WhiteElo "1605"]
[BlackElo "1922"]
[PlyCount "112"]
[EventDate "2019.02.10"]
[EventType "team-swiss"]
[EventRounds "6"]
[EventCountry "CRO"]
[SourceTitle "EXT 2020"]
[Source "ChessBase"]
[SourceDate "2019.10.17"]
[SourceVersion "1"]
[SourceVersionDate "2019.10.17"]
[SourceQuality "1"]

1. e4 e5 2. Nf3 Nc6 3. d4 Bb4+ 4. c3 Bd6 5. Bc4 Nf6 6. Bg5 h6 7. Bh4 0-0 8. Nbd2 Qe7 9. 0-0 Re8 10. Qc2 Qd8 11. Nb3 Bf8 12. Rae1 d6 13. h3 g5 14. Bg3 Nh5 15. Bh2 Qf6 16. Re3 Bg7 17. g4 Nf4 18. Bxf4 gxf4 19. Ree1 Ne7 20. dxe5 dxe5 21. Nc1 Ng6 22. Rd1 Bf8 23. Bd5 Rb8 24. Qa4 c6 25. Qxa7 Be6 26. Bxe6 Qxe6 27. Qb6 Be7 28. Qb3 Qf6 29. Nd3 Bf8 30. Qc4 Qe7 31. Nb4 Nh4 32. Nxh4 Qxh4 33. Kg2 Re6 34. Rd7 Rf6 35. Nd3 b5 36. Qb3 Re8 37. c4 bxc4 38. Qxc4 Qg5 39. Kh2 Rfe6 40. a4 Be7 41. a5 Kf8 42. a6 h5 43. gxh5 Qxh5 44. Ne1 Rh6 45. Qd3 Bc5 46. Qf3 Qg6 47. Nd3 Bd4 48. b4 Qe6 49. Rb7 Ra8 50. Rg1 Rxa6 51. Nc5 Bxc5 52. bxc5 Ra2 53. Rg2 Ra1 54. Rg1 Rxg1 55. Kxg1 Rxh3 56. Qd1 Qg6+ 0-1